[Event "Women's Speed Chess Q5"]
[Site "chess.com INT"]
[Date "2020.06.22"]
[Round "12"]
[White "Cori T., Deysi"]
[Black "Khotenashvili, Bela"]
[Result "1-0"]
[WhiteTitle "WGM"]
[BlackTitle "GM"]
[WhiteElo "2388"]
[BlackElo "2458"]
[WhiteFideId "3801934"]
[BlackFideId "13602640"]
[EventDate "2020.06.22"]

1. d4 Nf6 2. Nf3 g6 3. g3 Bg7 4. Bg2 c5 5. d5 d6 6. O-O O-O 7. a4 e6 8. dxe6
Bxe6 9. Nc3 Nc6 10. h3 d5 11. Ng5 d4 12. Nxe6 fxe6 13. Ne4 Nxe4 14. Bxe4 e5 15.
c3 Qd7 16. Kg2 Rab8 17. Qb3+ Kh8 18. a5 Ne7 19. cxd4 cxd4 20. Bd2 Nf5 21. Rac1
b6 22. a6 Nd6 23. Qd5 Rfd8 24. Rc6 Nxe4 25. Qxe4 Qf7 26. Rfc1 Rf8 27. f3 Qb3 28.
Rc7 Rf7 29. Rc8+ Rf8 30. Rxb8 Rxb8 31. Rc7 Qxb2 32. Bh6 Bf6 33. Rf7 d3 34. Qxd3
e4 35. Qxe4 Rd8 36. h4 Bd4 37. Re7 Qb5 38. Rxa7 Qb1 39. Qxd4+ 1-0

[Event "Women's Speed Chess Q5"]
[Site "chess.com INT"]
[Date "2020.06.22"]
[Round "12"]
[White "Filippova, Margarita"]
[Black "Zimina, Olga"]
[Result "1-0"]
[WhiteTitle "WFM"]
[BlackTitle "IM"]
[WhiteElo "1931"]
[BlackElo "2378"]
[WhiteFideId "34199680"]
[BlackFideId "4132190"]
[EventDate "2020.06.22"]

1. Nf3 d5 2. d4 Nf6 3. c4 c6 4. Nc3 dxc4 5. e3 Bf5 6. Bxc4 e6 7. O-O Bb4 8. Qb3
Qe7 9. Ne5 O-O 10. Bd2 a5 11. a3 Bd6 12. f4 Ne4 13. Nxe4 Bxe4 14. Bd3 Bxd3 15.
Qxd3 Nd7 16. Rac1 Rfd8 17. Qe2 Nf6 18. e4 Bc7 19. Bc3 Bb6 20. Rfd1 Nd7 21. Nc4
Ba7 22. Bxa5 b6 23. Bc3 f6 24. e5 fxe5 25. fxe5 b5 26. Na5 Nb8 27. Kh1 Bb6 28.
Bb4 Qh4 29. Nb3 Ra7 30. Nc5 Qh6 31. Ne4 Rf7 32. Nd6 Rf4 33. Bd2 Bxd4 34. Bxf4
Qxf4 35. Qe4 Bxe5 36. Qxf4 Bxf4 37. Nb7 Rd5 38. Rxd5 exd5 39. Re1 Kf7 40. Rf1 g5
41. g3 d4 42. gxf4 g4 43. Rd1 1-0

[Event "Women's Speed Chess Q5"]
[Site "chess.com INT"]
[Date "2020.06.22"]
[Round "12"]
[White "Bogumil, Tatiana"]
[Black "Shafigullina, Zarina"]
[Result "0-1"]
[WhiteTitle "WGM"]
[BlackTitle "WFM"]
[WhiteElo "2182"]
[BlackElo "2296"]
[WhiteFideId "4110579"]
[BlackFideId "24174220"]
[EventDate "2020.06.22"]

1. Nf3 Nf6 2. c4 c5 3. g3 b6 4. Bg2 Bb7 5. O-O e6 6. d4 cxd4 7. Qxd4 d6 8. Nc3
a6 9. b3 Nbd7 10. Rd1 Be7 11. Bg5 O-O 12. Rac1 Re8 13. Rc2 Rc8 14. h3 Qc7 15. e4
Ne5 16. Qe3 Nc6 17. Nd4 h6 18. Nxc6 Bxc6 19. Bxf6 Bxf6 20. Nd5 Bxd5 21. exd5
exd5 22. Qd2 d4 23. Bd5 Re5 24. Qd3 Rxd5 25. f4 Rc5 26. Re2 d5 27. cxd5 Rxd5 28.
Kh2 Rc5 29. Qe4 Rc2 30. Rdd2 Rxd2 31. Rxd2 Qc3 32. Qg2 d3 33. h4 Qxd2 34. Qxd2
Rc2 0-1

[Event "Women's Speed Chess Q5"]
[Site "chess.com INT"]
[Date "2020.06.22"]
[Round "12"]
[White "Kashlinskaya, Alina"]
[Black "Gevorgyan, Maria"]
[Result "1/2-1/2"]
[WhiteTitle "IM"]
[BlackTitle "WGM"]
[WhiteElo "2494"]
[BlackElo "2228"]
[WhiteFideId "4198026"]
[BlackFideId "13300270"]
[EventDate "2020.06.22"]

1. d4 Nf6 2. c4 c5 3. d5 e6 4. Nc3 exd5 5. cxd5 d6 6. Nf3 g6 7. Nd2 Bg7 8. e4
O-O 9. Be2 Ne8 10. O-O f5 11. exf5 Bxf5 12. Nde4 a6 13. a4 Nd7 14. Bg5 Ndf6 15.
Bd3 Qd7 16. Qd2 Ng4 17. Rfe1 h6 18. Bh4 Ne5 19. Bf1 g5 20. Bg3 Nf7 21. Bd3 h5
22. Nxg5 Nxg5 23. Qxg5 Bxd3 24. Re7 Qf5 25. Qe3 Nf6 26. Bxd6 Ng4 27. Qxc5 Rac8
28. Qb6 Nxf2 29. Ree1 Rf6 30. Qb4 Rxd6 31. Qxd6 Bd4 32. Qe6+ Qxe6 33. dxe6 Ng4+
34. Kh1 Nf2+ 35. Kg1 Ng4+ 36. Kh1 Nf2+ 37. Kg1 1/2-1/2

[Event "Women's Speed Chess Q5"]
[Site "chess.com INT"]
[Date "2020.06.22"]
[Round "12"]
[White "Munkhzul, Davaakhuu"]
[Black "Jakubowska, Anna"]
[Result "0-1"]
[WhiteTitle "WFM"]
[BlackTitle "WIM"]
[WhiteElo "1991"]
[BlackElo "2073"]
[WhiteFideId "4902815"]
[BlackFideId "1121952"]
[EventDate "2020.06.22"]

1. e4 c6 2. Nf3 d5 3. Nc3 Bg4 4. h3 Bxf3 5. Qxf3 Nf6 6. Be2 e6 7. O-O Bb4 8. e5
Nfd7 9. Qg3 g6 10. d4 c5 11. Nb5 cxd4 12. Bg5 Qb6 13. a3 Bf8 14. Bf6 Rg8 15.
Rfd1 Nc6 16. Qf4 Nxf6 17. exf6 e5 18. Qf3 O-O-O 19. a4 a6 20. Na3 e4 21. Qg4+
Kb8 22. Qg5 h6 23. Qd2 Bb4 24. c3 dxc3 25. bxc3 Bc5 26. Rdb1 Bxf2+ 27. Kf1 Qe3
28. Qxe3 Bxe3 29. Bxa6 Rd7 30. Bb5 Kc7 31. Nc2 Bg5 32. Bxc6 bxc6 33. a5 Bxf6 34.
a6 Bxc3 35. Ra3 d4 36. Rb7+ Kd6 37. Rxd7+ Kxd7 38. a7 Ra8 39. g4 Kc7 40. Kf2 Kb7
41. Kg3 Rxa7 42. Rb3+ Kc7 43. Kf4 Ra2 0-1

[Event "Women's Speed Chess Q5"]
[Site "chess.com INT"]
[Date "2020.06.22"]
[Round "12"]
[White "Toncheva, Nadya"]
[Black "Shukhman, Anna"]
[Result "0-1"]
[WhiteTitle "WFM"]
[BlackTitle "WCM"]
[WhiteElo "2064"]
[BlackElo "1866"]
[WhiteFideId "2924056"]
[BlackFideId "54180058"]
[EventDate "2020.06.22"]

1. e4 c5 2. c3 Nf6 3. e5 Nd5 4. Nf3 d6 5. d4 cxd4 6. cxd4 Nc6 7. Nc3 Nxc3 8.
bxc3 dxe5 9. d5 e4 10. Ng5 Ne5 11. Nxe4 Bf5 12. Bb5+ Bd7 13. Qe2 g6 14. f4 Bxb5
15. Qxb5+ Nd7 16. d6 Bg7 17. Ba3 e6 18. O-O b6 19. Rad1 O-O 20. Qd3 Rc8 21. Bb2
Nc5 22. Nxc5 Rxc5 23. c4 Bxb2 24. h4 Qxh4 25. d7 Bf6 26. Rf3 Qg4 27. Qe4 Rd8 28.
Rdd3 Qf5 29. Qb7 Rxc4 30. Qxa7 Rc1+ 31. Kh2 Qc5 32. Qb7 Qg1+ 33. Kg3 Qe1+ 34.
Kh2 Qh4+ 35. Rh3 Qxf4+ 36. Rhg3 Be5 37. Qf3 Qh4# 0-1

[Event "Women's Speed Chess Q5"]
[Site "chess.com INT"]
[Date "2020.06.22"]
[Round "12"]
[White "Huda, Maryana"]
[Black "Ramirez, Maria Eugenia"]
[Result "1-0"]
[WhiteTitle "WGM"]
[BlackTitle "WFM"]
[WhiteElo "2128"]
[BlackElo "2057"]
[WhiteFideId "14116553"]
[BlackFideId "3301680"]
[EventDate "2020.06.22"]

1. e4 e5 2. Nf3 Nc6 3. d4 exd4 4. Nxd4 Bc5 5. Nxc6 Qf6 6. Qf3 Qxf3 7. gxf3 dxc6
8. Be3 Bxe3 9. fxe3 f5 10. exf5 Bxf5 11. e4 Bg6 12. Bd3 O-O-O 13. Nd2 Nf6 14.
O-O-O Nh5 15. Nc4 Rhe8 16. Rhg1 Nf4 17. Rg4 Nxd3+ 18. Rxd3 Bf7 19. Ne3 g6 20. b3
Rf8 21. Rf4 b5 22. Rf6 c5 23. Ng4 c4 24. Rxd8+ Kxd8 25. Ne5 Ke7 26. Rxf7+ Rxf7
27. Nxf7 Kxf7 28. bxc4 bxc4 29. Kd2 Ke6 30. f4 g5 31. fxg5 Ke5 32. Ke3 c5 33. c3
a6 34. h4 a5 35. a4 Ke6 36. Kf4 Kf7 37. Kf5 Ke7 38. h5 Kf7 39. Ke5 1-0

[Event "Women's Speed Chess Q5"]
[Site "chess.com INT"]
[Date "2020.06.22"]
[Round "12"]
[White "Golubenko, Valentina"]
[Black "Martynkova, Olena"]
[Result "1-0"]
[WhiteTitle "WGM"]
[BlackTitle "WIM"]
[WhiteElo "2209"]
[BlackElo "2222"]
[WhiteFideId "4501993"]
[BlackFideId "14134039"]
[EventDate "2020.06.22"]

1. d4 d5 2. g3 Nf6 3. Bg2 c6 4. Nf3 g6 5. O-O Bg7 6. Nbd2 O-O 7. c4 h6 8. Qc2 e6
9. e4 Nxe4 10. Nxe4 dxe4 11. Qxe4 Nd7 12. Rd1 Nf6 13. Qe2 Bd7 14. Bf4 Rc8 15.
Rac1 b6 16. h3 Qe7 17. c5 Rfd8 18. Bd6 Qe8 19. Ne5 b5 20. Qf3 Nd5 21. h4 h5 22.
Qd3 Bf8 23. Bxf8 Kxf8 24. Bxd5 exd5 25. Re1 Be6 26. Qe3 Kg7 27. Qg5 f6 28. Qxg6+
Qxg6 29. Nxg6 Bf7 30. Ne7 Rc7 31. Nf5+ Kg6 32. Nd6 a5 33. Re3 a4 34. Rce1 Rdd7
35. Ne8 Bxe8 36. Rxe8 Kf7 37. Rh8 Kg7 38. Rxh5 Re7 39. Rxe7+ Rxe7 40. Kf1 Re4
41. Rf5 Rxd4 42. Kg2 Rd2 43. Kh3 Rxb2 44. Kg4 Rxa2 45. h5 a3 46. h6+ Kg6 47. h7
Kxh7 48. Rxf6 b4 49. Rxc6 Rxf2 50. Kg5 a2 51. Rc7+ Kg8 52. Ra7 b3 53. c6 1-0

[Event "Women's Speed Chess Q5"]
[Site "chess.com INT"]
[Date "2020.06.22"]
[Round "12"]
[White "Chumpitaz, Ann"]
[Black "Smietanska, Wiktoria"]
[Result "1-0"]
[WhiteTitle "WIM"]
[BlackTitle "CM"]
[WhiteElo "2244"]
[BlackElo "1593"]
[WhiteFideId "3804178"]
[BlackFideId "21869359"]
[EventDate "2020.06.22"]

1. e4 c5 2. Nf3 d6 3. d4 cxd4 4. Nxd4 Nf6 5. Nc3 a6 6. h3 e5 7. Nde2 h5 8. Bg5
Be6 9. Bxf6 Qxf6 10. Nd5 Bxd5 11. Qxd5 Nc6 12. g3 Rc8 13. c3 Qf3 14. Rg1 Be7 15.
Bg2 Qf6 16. Qd3 O-O 17. Bf3 g6 18. Kf1 Qe6 19. Kg2 Rfd8 20. Rad1 Na5 21. b3 Qd7
22. c4 Nc6 23. Qd2 b5 24. cxb5 axb5 25. Rc1 Qa7 26. Rgd1 Bf6 27. Rc2 Nd4 28.
Nxd4 exd4 29. Be2 Qb7 30. Bd3 Rxc2 31. Qxc2 Rc8 32. Qe2 d5 33. e5 Re8 34. f4 b4
35. Qf3 Be7 36. e6 Bc5 37. Re1 Qc6 38. exf7+ Kxf7 39. Bc4 Rd8 40. Re5 Qd6 41.
Rxd5 Qf6 42. Rf5+ 1-0

[Event "Women's Speed Chess Q5"]
[Site "chess.com INT"]
[Date "2020.06.22"]
[Round "12"]
[White "Koridze, Lile"]
[Black "Janzelj, Lara"]
[Result "1-0"]
[WhiteTitle "WFM"]
[BlackTitle "WIM"]
[WhiteElo "1996"]
[BlackElo "2210"]
[WhiteFideId "13612514"]
[BlackFideId "14608391"]
[EventDate "2020.06.22"]

1. d4 d5 2. c4 dxc4 3. Nf3 Nf6 4. Nc3 a6 5. e3 b5 6. a4 b4 7. Nb1 e6 8. Bxc4 Be7
9. b3 O-O 10. O-O Bb7 11. Nbd2 c5 12. Bb2 Nbd7 13. Qe2 Nd5 14. Rac1 cxd4 15.
Bxd4 Bf6 16. Bxd5 Bxd5 17. Rfd1 Bxd4 18. Nxd4 Qg5 19. e4 Qf6 20. exd5 Qxd4 21.
Nc4 Qa7 22. dxe6 Nf6 23. exf7+ Rxf7 24. Nd6 Rff8 25. Qe6+ Kh8 26. Re1 Ng4 27.
Qxg4 Qxf2+ 28. Kh1 Rad8 29. Ne4 Qb2 30. h3 Rde8 31. Ng5 Rxe1+ 32. Rxe1 Qxb3 33.
Qh5 h6 34. Ne6 Rf6 35. Qe8+ Kh7 36. Nf8+ Kg8 37. Nd7+ Kh7 38. Nxf6+ gxf6 39.
Re7+ Qf7 40. Qxf7+ Kh8 41. Qg7# 1-0

[Event "Women's Speed Chess Q5"]
[Site "chess.com INT"]
[Date "2020.06.22"]
[Round "12"]
[White "Hng, Mei-En Emmanuelle"]
[Black "Tsukerman, Julia"]
[Result "0-1"]
[WhiteTitle "WFM"]
[BlackTitle "WCM"]
[WhiteElo "2029"]
[BlackElo "1523"]
[WhiteFideId "5804566"]
[BlackFideId "2621649"]
[EventDate "2020.06.22"]

1. e4 c5 2. d4 cxd4 3. c3 dxc3 4. Nxc3 Nc6 5. Bc4 e6 6. Nf3 d6 7. O-O Nf6 8. Qe2
a6 9. Rd1 Qc7 10. h3 Be7 11. Bf4 Ne5 12. Bb3 O-O 13. Rac1 Qb8 14. a4 b6 15. Qe3
Ra7 16. Nd4 Rc7 17. Bg3 Bb7 18. Bxe5 dxe5 19. Nf3 Rc6 20. g4 Bc5 21. Qg5 h6 22.
Qxe5 Bd6 23. Qd4 Bf4 24. Rc2 Rd6 25. Qb4 Rxd1+ 26. Nxd1 Rd8 27. Nc3 Ba8 28. Kg2
Qb7 29. Re2 Bd6 30. Qc4 Bc5 31. Nd1 Nxe4 32. Ne3 Nd2 33. Qf4 Nxf3 34. Nd5 exd5
35. Qxf3 Qd7 36. Qg3 d4+ 37. Kg1 d3 38. Re1 d2 39. Rd1 Qd3 40. Bxf7+ Kxf7 41.
Qc7+ Kg8 42. b4 Bf3 43. bxc5 Bxd1 44. cxb6 Bf3 45. b7 d1=Q+ 46. Kh2 Qh1+ 47. Kg3
Qg2+ 48. Kh4 g5+ 49. Kh5 Qxh3# 0-1

[Event "Women's Speed Chess Q5"]
[Site "chess.com INT"]
[Date "2020.06.22"]
[Round "12"]
[White "Khomeriki, Nino"]
[Black "Yakimova, Mariya"]
[Result "0-1"]
[WhiteTitle "WGM"]
[BlackTitle "WFM"]
[WhiteElo "2319"]
[BlackElo "2269"]
[WhiteFideId "13603191"]
[BlackFideId "34188859"]
[EventDate "2020.06.22"]

1. d4 Nf6 2. Nf3 g6 3. g3 Bg7 4. Bg2 O-O 5. O-O d6 6. c4 Nc6 7. Nc3 a6 8. Bf4
Rb8 9. Rc1 b5 10. Nd5 Bd7 11. Nxf6+ Bxf6 12. cxb5 axb5 13. Bh6 Re8 14. a3 e5 15.
d5 Nd4 16. Nxd4 exd4 17. Re1 b4 18. Qc2 Rb7 19. axb4 Bf5 20. Qa4 Qb8 21. Bd2 Be4
22. Ra1 Bxg2 23. Kxg2 Rb5 24. Rac1 Rxd5 25. Rxc7 Rde5 26. Ra7 Kg7 27. Qa2 d5 28.
Qa6 R5e6 29. Qa2 Rxe2 30. Rxe2 Rxe2 31. Bf4 Be5 32. Bxe5+ Qxe5 33. Qa6 Qe4+ 34.
Kh3 Qf5+ 35. g4 Qf3+ 36. Kh4 Qxf2+ 37. Kh3 Re3# 0-1

[Event "Women's Speed Chess Q5"]
[Site "chess.com INT"]
[Date "2020.06.22"]
[Round "12"]
[White "Chitlange, Sakshi"]
[Black "Arabidze, Meri"]
[Result "0-1"]
[WhiteTitle "WIM"]
[BlackTitle "IM"]
[WhiteElo "2167"]
[BlackElo "2428"]
[WhiteFideId "35002899"]
[BlackFideId "13604040"]
[EventDate "2020.06.22"]

1. d4 d5 2. c4 e6 3. Nc3 Nf6 4. cxd5 exd5 5. Bg5 Nbd7 6. e3 Be7 7. Bd3 c6 8. Nf3
O-O 9. Qc2 Re8 10. O-O Nf8 11. Rab1 g6 12. b4 a6 13. a4 Ne6 14. Bxf6 Bxf6 15. b5
axb5 16. axb5 Bd7 17. bxc6 bxc6 18. Na4 Ng7 19. Rfc1 Rc8 20. Nb6 Rc7 21. Nxd5
Rc8 22. Nxf6+ Qxf6 23. Ne5 Bf5 24. Bxf5 Nxf5 25. Rb6 Qg5 26. Nf3 Qh6 27. Rxc6
Rcd8 28. Rc3 Nd6 29. h3 Ne4 30. Rc7 Nd6 31. Ne5 Qg5 32. Qa2 Rf8 33. Nd7 Rfe8 34.
Ne5 Rf8 35. Rd7 Rxd7 36. Nxd7 Rd8 37. Ne5 Rf8 38. Qa3 Nf5 39. Rc7 Nh4 40. g3 Nf5
41. Nf3 Qh6 42. Kg2 Rb8 43. Qc5 Nxe3+ 44. fxe3 Rb2+ 45. Kg1 Qxe3+ 46. Kh1 Qxf3+
47. Kg1 Qg2# 0-1

[Event "Women's Speed Chess Q5"]
[Site "chess.com INT"]
[Date "2020.06.22"]
[Round "12"]
[White "Xu, Yuanyuan"]
[Black "Ziegenfuss, Antonia"]
[Result "0-1"]
[WhiteTitle "WGM"]
[BlackTitle "WFM"]
[WhiteElo "2317"]
[BlackElo "2101"]
[WhiteFideId "8601089"]
[BlackFideId "12962554"]
[EventDate "2020.06.22"]

1. d4 Nf6 2. c4 e6 3. g3 d5 4. Nf3 dxc4 5. Bg2 Bd7 6. Ne5 Bc6 7. Nxc6 Nxc6 8.
Qa4 Qd7 9. Qxc4 Be7 10. O-O O-O 11. Rd1 Rfd8 12. Nc3 Nd5 13. e4 Nb6 14. Qd3 Qxd4
15. Qc2 Qf6 16. Be3 Nc4 17. Bf4 N4e5 18. Nb5 Bd6 19. Rac1 a6 20. Nxd6 cxd6 21.
Qd2 h6 22. h4 b5 23. a3 Nc4 24. Qc2 Nd4 25. Qc3 e5 26. Qd3 Nxb2 27. Qe3 Nxd1 28.
Rxd1 exf4 29. Qxd4 Qxd4 30. Rxd4 fxg3 31. fxg3 Rac8 32. Kf2 f6 33. Rd3 Rc2+ 34.
Kf3 Kf7 35. Bh3 Ke7 36. Bf5 g5 37. hxg5 hxg5 38. Kg4 Rh8 39. Kf3 Rhh2 40. Kg4
Rhd2 41. Re3 Ra2 42. Rc3 Rac2 43. Re3 Rd1 44. Rf3 Rdc1 45. e5 Rc3 0-1

[Event "Women's Speed Chess Q5"]
[Site "chess.com INT"]
[Date "2020.06.22"]
[Round "12"]
[White "Franco Valencia, Angela"]
[Black "Kiseleva, Arina"]
[Result "1-0"]
[WhiteTitle "WIM"]
[BlackTitle "WCM"]
[WhiteElo "2089"]
[BlackElo "2024"]
[WhiteFideId "4403070"]
[BlackFideId "4164989"]
[EventDate "2020.06.22"]

1. e4 c5 2. Nf3 d6 3. d4 cxd4 4. Nxd4 Nf6 5. Nc3 Nc6 6. g3 g6 7. Nde2 Bg7 8. Bg2
O-O 9. O-O a6 10. a4 Bg4 11. h3 Bxe2 12. Qxe2 Nd7 13. Nd5 Nd4 14. Qd1 e6 15. Ne3
Qc7 16. c3 Nc6 17. Nc4 Rfd8 18. Qxd6 Qxd6 19. Nxd6 Rab8 20. Bg5 f6 21. Be3 Nde5
22. Rfd1 Bf8 23. Bc5 b6 24. Ba3 b5 25. axb5 axb5 26. f4 Nc4 27. Nxc4 Rxd1+ 28.
Rxd1 bxc4 29. Bxf8 Kxf8 30. Rd2 e5 31. Bf1 Na5 32. Kf2 Ke7 33. Ke3 exf4+ 34.
gxf4 Rc8 35. h4 f5 36. exf5 gxf5 37. Rd5 Nb3 38. Rxf5 Ke6 39. Re5+ Kd6 40. Re4
Nc5 41. Rd4+ Kc6 42. Rxc4 Re8+ 43. Kf3 Kb6 44. Rd4 Nb3 45. Rb4+ Kc5 46. Rxb3 Re1
47. Be2 Rh1 48. Rb5+ Kc6 49. h5 Rh3+ 50. Ke4 Rh2 51. Bc4 Rh1 52. Rf5 Re1+ 53.
Kd4 Rd1+ 54. Bd3 Rd2 55. b4 Rh2 56. b5+ Kb6 57. c4 Kb7 58. c5 Rb2 59. Rf7+ Kc8
60. Rxh7 Rb4+ 61. Kd5 Rb3 62. Kc6 1-0

[Event "Women's Speed Chess Q5"]
[Site "chess.com INT"]
[Date "2020.06.22"]
[Round "12"]
[White "Bodnaruk, Anastasia"]
[Black "Buksa, Nataliya"]
[Result "1-0"]
[WhiteTitle "IM"]
[BlackTitle "IM"]
[WhiteElo "2411"]
[BlackElo "2410"]
[WhiteFideId "4181751"]
[BlackFideId "14123622"]
[EventDate "2020.06.22"]

1. e4 c5 2. Nc3 Nc6 3. g3 g6 4. Bg2 Bg7 5. d3 d6 6. Be3 Rb8 7. Qd2 b5 8. Nge2 b4
9. Nd1 e5 10. O-O Nge7 11. f4 O-O 12. f5 gxf5 13. exf5 f6 14. g4 Nd4 15. Ng3 Bb7
16. c3 bxc3 17. bxc3 Nb5 18. Rb1 Bxg2 19. Kxg2 Nc7 20. Nf2 Ncd5 21. c4 Nxe3+ 22.
Qxe3 Rxb1 23. Rxb1 Qa8+ 24. Qe4 d5 25. cxd5 Nxd5 26. Kg1 Nf4 27. Qxa8 Rxa8 28.
Nge4 h5 29. h3 h4 30. Nxc5 Rc8 31. Rb5 Bf8 32. Ne6 Rc1+ 33. Kh2 Bd6 34. Nxf4
exf4 35. Kg2 Rc3 36. Ra5 Rc2 37. Kf3 Bc5 38. Ne4 Bd4 39. Rd5 Be3 40. Nxf6+ Kf7
41. Ne4 Rh2 42. g5 Rxh3+ 43. Kg4 Rh1 44. Rd7+ Ke8 45. Nf6+ Kf8 46. g6 Rg1+ 47.
Kh5 Rg5+ 48. Kxg5 f3+ 49. Kg4 f2 50. Rf7# 1-0

[Event "Women's Speed Chess Q5"]
[Site "chess.com INT"]
[Date "2020.06.22"]
[Round "12"]
[White "Mrudul, Dehankar"]
[Black "Smirnova, Ekaterina"]
[Result "1/2-1/2"]
[WhiteTitle "WIM"]
[BlackTitle "WIM"]
[WhiteElo "2256"]
[BlackElo "2278"]
[WhiteFideId "25096990"]
[BlackFideId "4110943"]
[EventDate "2020.06.22"]

1. e4 e6 2. Nf3 d5 3. Nc3 c5 4. exd5 exd5 5. Bb5+ Nc6 6. d4 a6 7. Bxc6+ bxc6 8.
O-O Nf6 9. Re1+ Be6 10. Ng5 Qd7 11. Nxe6 fxe6 12. Ne2 Bd6 13. Nf4 Bxf4 14. Bxf4
cxd4 15. Qxd4 O-O 16. f3 Rae8 17. Re2 Qf7 18. Rae1 Nd7 19. Bd6 Qf6 20. Qa4 Rf7
21. Qxc6 Qxb2 22. Rxe6 Rxe6 23. Rxe6 Qc1+ 24. Kf2 Qd2+ 25. Kf1 h6 26. Re2 Qd1+
27. Re1 Qd4 28. Qxa6 Nf6 29. Be5 Qh4 30. Bxf6 Rxf6 31. Qa8+ Kh7 32. h3 Qc4+ 33.
Kg1 Qxc2 34. Qxd5 Rg6 35. f4 Qb2 36. Re8 Qc1+ 37. Kh2 Qxf4+ 38. Kh1 Qf1+ 39. Kh2
Qf4+ 40. Kg1 Qc1+ 41. Kh2 Qf4+ 1/2-1/2

[Event "Women's Speed Chess Q5"]
[Site "chess.com INT"]
[Date "2020.06.22"]
[Round "12"]
[White "Martsynovskaya, Marina"]
[Black "Klinova, Masha"]
[Result "0-1"]
[WhiteTitle "WIM"]
[BlackTitle "IM"]
[WhiteElo "2046"]
[BlackElo "2275"]
[WhiteFideId "609218"]
[BlackFideId "2802015"]
[EventDate "2020.06.22"]

1. e4 d6 2. Nc3 Nf6 3. f4 g6 4. Nf3 Bg7 5. g3 O-O 6. Bg2 c5 7. O-O Nc6 8. h3 Rb8
9. g4 b5 10. d3 Nd4 11. Be3 Nd7 12. f5 Ne5 13. Nh2 b4 14. Nd5 e6 15. f6 exd5 16.
fxg7 Kxg7 17. c3 bxc3 18. bxc3 Nb5 19. Qd2 dxe4 20. Bh6+ Kg8 21. Bxf8 Qxf8 22.
d4 cxd4 23. cxd4 Nc4 24. Qf2 d5 25. Rac1 Be6 26. g5 Qg7 27. Rb1 Nca3 28. Rb4 Rc8
29. Ng4 Bxg4 30. hxg4 a5 31. Ra4 Nc4 32. Rc1 Qxd4 33. Qxd4 Nxd4 34. Bxe4 Ne2+
35. Kf2 Nxc1 36. Bxd5 Ne5 37. Rxa5 Nxg4+ 38. Kg3 Ne5 39. a4 Ncd3 40. Ra7 Nb4 41.
Bb7 Rc7 42. Ra8+ Kg7 43. Be4 Rc4 44. Bb7 Rg4+ 45. Kf2 Rxg5 46. a5 Nc4 47. a6
Nxa6 48. Rxa6 Ne5 49. Ra7 h5 50. Ke3 h4 51. Be4 Kh6 52. Ra8 f5 53. Bd5 Rh5 54.
Rg8 h3 55. Kf4 Ng4 56. Bf7 h2 57. Rxg6+ Kh7 0-1

[Event "Women's Speed Chess Q5"]
[Site "chess.com INT"]
[Date "2020.06.22"]
[Round "12"]
[White "Sedina, Elena"]
[Black "Nurmanova, Alua"]
[Result "0-1"]
[WhiteTitle "IM"]
[BlackTitle "WFM"]
[WhiteElo "2299"]
[BlackElo "2026"]
[WhiteFideId "812153"]
[BlackFideId "13729390"]
[EventDate "2020.06.22"]

1. e4 c5 2. Nf3 d6 3. Bb5+ Nc6 4. O-O Bd7 5. Re1 Nf6 6. c3 a6 7. Bf1 Bg4 8. h3
Bxf3 9. Qxf3 g6 10. d3 Bg7 11. Be3 Nd7 12. Nd2 O-O 13. Qd1 Rc8 14. Nf3 Qa5 15.
d4 cxd4 16. cxd4 Nb4 17. Re2 Nf6 18. a3 Nc6 19. Bg5 Rfd8 20. b4 Qc7 21. Rc1 Qb8
22. Re1 h6 23. Bh4 Qa7 24. Qd2 g5 25. Bg3 Nh5 26. Bh2 Nxd4 27. Nxd4 Qxd4 28. Qe2
Nf6 29. Rcd1 Qb6 30. e5 dxe5 31. Bxe5 Qc6 32. Qb2 Rd5 33. Be2 Rxd1 34. Rxd1 Qe4
35. Bf3 Qc2 36. Qxc2 Rxc2 37. Rd8+ Bf8 38. Bxb7 Rc1+ 39. Kh2 Nh5 40. Bxa6 f6 41.
Bb8 Kf7 42. b5 e6 43. b6 Bc5 44. Bc7 Bxf2 0-1

[Event "Women's Speed Chess Q5"]
[Site "chess.com INT"]
[Date "2020.06.22"]
[Round "12"]
[White "Vifleemskaia, Svetlana"]
[Black "Singgih, Diajeng Theresa"]
[Result "1-0"]
[WhiteTitle "WFM"]
[BlackTitle "WFM"]
[WhiteElo "1943"]
[BlackElo "1972"]
[WhiteFideId "4129490"]
[BlackFideId "7104391"]
[EventDate "2020.06.22"]

1. d4 d5 2. c4 e6 3. Nc3 Nf6 4. cxd5 Nxd5 5. e4 Nxc3 6. bxc3 c5 7. Nf3 cxd4 8.
cxd4 Nc6 9. Bc4 Bb4+ 10. Bd2 Bxd2+ 11. Qxd2 O-O 12. O-O b6 13. d5 exd5 14. Bxd5
Bb7 15. Rac1 Rc8 16. Rfd1 Qf6 17. h3 Rfd8 18. Qe3 Na5 19. Rxc8 Rxc8 20. Bxb7
Nxb7 21. e5 Qc6 22. Nd4 Qc5 23. Qe4 Na5 24. Nf5 g6 25. Nd6 Rd8 26. Re1 Nc6 27.
Nb7 Qb5 28. Nxd8 Nxd8 29. Qa8 Qd7 30. Qf3 Ne6 31. Rd1 Qc7 32. Qd5 Kg7 33. g3 a5
34. Qd6 Qb7 35. Qd5 Qc7 36. h4 Qc2 37. Kg2 Nc5 38. Rd2 Qb1 39. Re2 h5 40. Qf3
Nd3 41. Qf6+ Kg8 42. e6 Ne1+ 43. Kh2 fxe6 44. Qxe6+ Kh7 45. Rxe1 Qb2 46. Re2 Qg7
47. Qd6 Kh6 48. Re7 Qb2 49. Qf4+ g5 50. Qxg5# 1-0

[Event "Women's Speed Chess Q5"]
[Site "chess.com INT"]
[Date "2020.06.22"]
[Round "12"]
[White "Sharma, Isha"]
[Black "Mkrtchian, Lilit"]
[Result "1-0"]
[WhiteTitle "WIM"]
[BlackTitle "IM"]
[WhiteElo "2276"]
[BlackElo "2388"]
[WhiteFideId "35006665"]
[BlackFideId "13300601"]
[EventDate "2020.06.22"]

1. e4 c5 2. Nf3 Nc6 3. Bb5 g6 4. Bxc6 bxc6 5. e5 Bg7 6. O-O f6 7. exf6 Nxf6 8.
d4 cxd4 9. Nxd4 O-O 10. Nc3 e5 11. Nf3 d6 12. Bg5 h6 13. Bh4 g5 14. Bg3 Bg4 15.
h3 Bh5 16. Qd3 Qd7 17. Nd2 Rad8 18. Rfe1 Qf7 19. Qa6 Bg6 20. Qxc6 Nh5 21. Rf1
Bxc2 22. Qd5 Qxd5 23. Nxd5 Bd3 24. Rfe1 Nxg3 25. fxg3 e4 26. Nxe4 Bxb2 27. Rad1
Bc4 28. Ne7+ Kh7 29. Nxd6 Bxa2 30. Nc6 Rd7 31. Nb4 Bb3 32. Rb1 Bc3 33. Re4 Rxd6
34. Rxb3 Bd4+ 35. Kh2 Rf1 36. Re7+ Kg6 37. g4 Bg1+ 38. Kg3 Bf2+ 39. Kf3 Bc5+ 40.
Ke2 Rf2+ 41. Ke1 Rxg2 42. Re5 Bd4 43. Rd5 Rxd5 44. Nxd5 Bc5 45. Kf1 Rg3 46. Rxg3
Kf7 47. Rd3 1-0